|
|
|
|
| LEADER |
00000naa2a2200000 4500 |
| 001 |
191676 |
| 005 |
20240130103949.0 |
| 035 |
|
|
|a (RuTPU)RU\TPU\book\209020
|
| 090 |
|
|
|a 191676
|
| 100 |
|
|
|a 20110209d2010 k y0rusy50 ca
|
| 101 |
0 |
|
|a rus
|
| 102 |
|
|
|a RU
|
| 200 |
1 |
|
|a Сила человеческого духа
|f А. В. Епихин
|g науч. рук. Г. М. Иванова
|
| 463 |
|
0 |
|0 (RuTPU)RU\TPU\book\194350
|t Наследники Победы
|o материалы открытой научно-практической конференции, посвященной 65-й годовщине Победы в Великой Отечественной войне, 10 марта, 2010 г. г. Томск
|f Томский политехнический университет (ТПУ); Томск, Администрация Кировского района
|v С. 73-78
|d 2010
|p 245 с.
|
| 600 |
|
1 |
|a Порик
|b В. В.
|g Василий Васильевич
|
| 610 |
1 |
|
|a Велика Отечественная война
|
| 610 |
1 |
|
|a Герои Советского Союза
|
| 610 |
1 |
|
|a Франция
|
| 610 |
1 |
|
|a французское Сопротивление
|
| 610 |
1 |
|
|a герои Сопротивления
|
| 610 |
1 |
|
|a труды учёных ТПУ
|
| 700 |
|
1 |
|a Епихин
|b А. В.
|c специалист в области нефтегазового дела
|c старший преподаватель Томского политехнического университета
|f 1988-
|g Антон Владимирович
|3 (RuTPU)RU\TPU\pers\25759
|9 11655
|
| 702 |
|
1 |
|a Иванова
|b Г. М.
|4 727
|
| 801 |
|
1 |
|a RU
|b 63413507
|c 20110209
|
| 801 |
|
2 |
|a RU
|b 63413507
|c 20160111
|g RCR
|
| 942 |
|
|
|c BK
|